000 00377 a2200157 4500
001 149348
040 _cEscola São Tomás de Aquino
100 _aMACHADO, Ana Maria
240 1 0 _aHistória meio ao contrário
_lpor
245 1 0 _aHistória meio ao contrário
300 _a40
362 0 _a1987
440 1 _aÁtica
697 _a*LITERATURA INFANTO JUVENIL
942 _cBK
999 _c149348
_d149348